Qeshm International Airport Destinations (Qeshm, Iran) - Statistics

General Stats
  • This quiz has been taken 12 times
    6 since last reset
  • The average score is 7 of 13
Answer Stats
Airline Destination % Correct
Air1Air/Asa Jet/ATA Airlines/Caspian Airlines/Chabahar Airlines/FlyPersia/Iran Air/Iran Airtour//Kish Air/Meraj Airlines/Pars Air/Pouya Air/Qeshm Air/Saha Airlines/Sepehran Airlines/Taban Air/Varesh Airlines/Yazd Airways/Zagros Airlines Tehran (Mehrabad)
100%
Karun Airlines Ahvaz
80%
Asa Jet/ATA Airlines/FlyPersia/Meraj Airlines/Qeshm Air/Varesh Airlines/Yazd Airways Isfahan
80%
Caspian Airlines/Meraj Airlines/Qeshm Air/Sepehran Airlines/Taban Air/Varesh Airlines/Zagros Airlines Mashhad
80%
Yazd Airways Yazd
80%
flydubai/Qeshm Air Dubai (International)
60%
FlyPersia/Qeshm Air/Yazd Airways Shiraz
60%
Iran Air Jeddah
40%
Qeshm Air Kermanshah
20%
Iran Air Medina
20%
Qeshm Air Muscat
20%
Asa Jet/Pouya Air Rasht
20%
Varesh Airlines Sari
20%
No matching quizzes found
Score Distribution
Percent of People with Each Score
Percentile by Number Answered
Your Score History
You have not taken this quiz since the last reset